000 00778nam a2200217 a 4500
003 0
005 20250210093100.0
008 120718s19uu xx 00 eng d
050 _aPGS TP 890
_b.F799 2012
100 _aFradejas, Marry June.
245 _aThe use of different oils in making quality candles /
_cMarry June Fradejas.
260 _aLas PiƱas City, Philippines :
_bSouthville International School and Colleges,
_c2012.
300 _a16 pages :
_billustrations ;
_c28 cm.
504 _aIncludes bibliographical references.
650 _aCandles
_vComposition.
650 _aCandles
_vBurning characteristics.
650 _aParaffin wax
_vProperties.
650 _aVegetable oils
_vUses.
650 _aOils and fats
_vIndustrial applications.
942 _2lcc
_cPASS
999 _c98719
_d98719